000 00721nam a2200241 u 4500
005 20230331103226.0
008 150601s1999 r 000 0 eng d
020 _a9789682321993
035 _aUPN01000203971
040 _aUPN
_bspa
_cUPN
049 _aCG
050 4 _aH61.15
_bB8.2
100 1 _aBunge, Mario,
_d1919-2020
_930285
245 1 0 _aBuscar la filosofía en las ciencias sociales /
_cMario Bunge ; tr. Tziviah Aguilar Aks.
260 _aMéxico :
_bSiglo XXI,
_c1999.
300 _a588 p.
440 0 _aFilosofía
534 _pTítulo original:
_tFinding philosophy in social science
650 2 _aCiencias sociales
_xFilosofía
_95622
905 _aLibro
942 _2lcc
_cLIBRO
999 _c176072
_d176072